Data Base System Concept (Record no. 1461)

MARC details
000 -LEADER
fixed length control field 00429nam a22001697a 4500
005 - DATE AND TIME OF LATEST TRANSACTION
control field 20260202113203.0
008 - FIXED-LENGTH DATA ELEMENTS--GENERAL INFORMATION
fixed length control field 160523b xxu||||| |||| 00| 0 eng d
020 ## - INTERNATIONAL STANDARD BOOK NUMBER
ISBN 0-07-12447-x
041 ## - LANGUAGE CODE
Language code of text/sound track or separate title eng
082 ## - DEWEY DECIMAL CLASSIFICATION NUMBER
Classification number 005.74
100 ## - MAIN ENTRY--AUTHOR NAME
Personal name Silberscherts, Abraham & Others
245 ## - TITLE STATEMENT
Title Data Base System Concept
260 ## - PUBLICATION, DISTRIBUTION, ETC. (IMPRINT)
Place of publication New Delhi
Name of publisher Academic Faundation
300 ## - PHYSICAL DESCRIPTION
Number of Pages 1100
650 ## - SUBJECT ADDED ENTRY--TOPICAL TERM
Topical Term Information Technology
942 ## - ADDED ENTRY ELEMENTS (KOHA)
Koha item type Books
Holdings
Lost status Damaged status Collection code Home library Current library Shelving location Date acquired Full call number Accession Number Koha item type
    CS/IT JRU Library   SHELF-55-A 23/05/2016 005.74 4365 Books
    CS/IT JRU Library   SHELF-55-A 23/05/2016 005.74 4366 Books
    CS/IT JRU Library   SHELF-55-A 23/05/2016 005.74 4367 Books
    CS/IT JRU Library   SHELF-55-A 23/05/2016 005.74 4368 Books
    CS/IT JRU Library JRU Library SHELF-55-A 23/05/2016 005.74 4369 Books
    CS/IT JRU Library JRU Library SHELF-55-A 23/05/2016 005.74 4370 Books
    CS/IT JRU Library JRU Library SHELF-53-A 23/05/2016 4365 4371 Books
    CS/IT JRU Library   SHELF-55-A 23/05/2016 005.74 4372 Books
    Reference JRU Library JRU Library SHELF-53-A 23/05/2016 4365 4373 Books
    CS/IT JRU Library   SHELF-55-A 23/05/2016 005.74 4374 Books